El derecho divino y el derecho natural : texto integro de la Pastoral Colectiva del Episcopado Alemán___ /
Documento leído en los templos católicos de Alemania el 22 de marzo de 1942, para protestar en contra de la persecución religiosa durante el Tercer Reich.
Uloženo v:
| Korporativní autor: | |
|---|---|
| Médium: | Kniha |
| Jazyk: | španělština |
| Témata: | |
| Tagy: |
Žádné tagy, Buďte první, kdo vytvoří štítek k tomuto záznamu!
|
MARC
| LEADER | 00000nam^a2200000^a^4500 | ||
|---|---|---|---|
| 001 | 000300123 | ||
| 005 | 20250521000000.0 | ||
| 009 | 20260310112500.929 | ||
| 025 | |a Donación Jesús Vergara Aceves, 1 ejemplar | ||
| 037 | |a Acervo Xavier Clavigero | ||
| 041 | |a ESP | ||
| 082 | |a 282. 43086 |b IGL | ||
| 110 | |a Iglesia Católica. |b Conferencia Episcopal Alemana | ||
| 245 | 1 | 3 | |a El derecho divino y el derecho natural : |b texto integro de la Pastoral Colectiva del Episcopado Alemán___ / |
| 264 | |a Alemania : |b Conferencia Episcopal Alemana, Pastoral Colectiva del Episcopado Alemán, |c 1942 | ||
| 300 | |a 1 folleto (8 p.) | ||
| 336 | |a texto |b txt |2 rdacontenido | ||
| 337 | |a sin mediación |b n |2 rdamedio | ||
| 338 | |a volumen |b nc |2 rdasoporte | ||
| 520 | |a Documento leído en los templos católicos de Alemania el 22 de marzo de 1942, para protestar en contra de la persecución religiosa durante el Tercer Reich. | ||
| 649 | |a XX | ||
| 650 | |a Persecución - |z Alemania - |x Historia - |y Tercer Reich, 1933-1945 - |x Tema Principal | ||
| 650 | |a Derecho Natural - |x Tema Principal | ||
| 650 | |a Iglesia Católica en Alemania - |x Historia - |y Tercer Reich, 1933-1945 | ||
| 650 | |a Catolicismo - |z Alemania - |x Historia - |y Tercer Reich, 1933-1945 | ||
| 650 | |a Cristianismo - |z Alemania - |x Historia - |y Tercer Reich, 1933-1945 | ||
| 650 | |a Religión - |z Alemania - |x Historia - |y Tercer Reich, 1933-1945 | ||
| 650 | |a Alemania - |x Historia - |y Tercer Reich, 1933-1945 | ||
| 910 | |a Fondo Jesús Vergara Aceves S.J. | ||
| 920 | |a Impresos - Libros | ||
| 930 | |a Fondos Especiales | ||
| 905 | |a 119 | ||
| 901 | |a 0500186221 |b IT2 |c ESP |i D |u 20250521 | ||
| 902 | |a https://opac.biblio.iteso.mx/vufind/Record/000300123 | ||